Kierkegaard como educador religioso

Guardat en:
Dades bibliogràfiques
Autor principal: Kampmann, Theoderich (Autor)
Format: Llibre
Idioma:espanyol
Publicat: Madrid Consejo Superior de Investigaciones Científicas 1953
Matèries:
Etiquetes: Afegir etiqueta
Sense etiquetes, Sigues el primer a etiquetar aquest registre!

MARC

LEADER 00000nam a2200000 a 4500
001 UCZ1865
003 CL-VaPUC
008 950914e19530000SP |||||||||||||||||spa|d
082 0 4 |a 142.78  |b KAM  |2 21 
100 |a Kampmann, Theoderich  |e author  |9 518830 
245 1 0 |a Kierkegaard como educador religioso 
300 |a 82 p 
942 |c BK 
945 |d 19950914 00:00:00  |a rbrito 
260 |a Madrid  |b Consejo Superior de Investigaciones Científicas  |c 1953 
650 0 |a Filosofía danesa  |9 266957 
650 0 |a Crítica e interpretación   |9 255042 
583 |a last modification  |c 20121002 10:54:32  |k Rodrigo Vera 
999 |c 238546  |d 238544